Normal view MARC view
  • J.L. Meriam, L.G. Kraige

Entry Personal Name

Number of records used in: 2

001 - CONTROL NUMBER

  • control field: 124116

003 - CONTROL NUMBER IDENTIFIER

  • control field: NUST

005 - DATE AND TIME OF LATEST TRANSACTION

  • control field: 20240705192027.0

008 - FIXED-LENGTH DATA ELEMENTS

  • fixed length control field: 240705|| aca||aabn | a|a d

040 ## - CATALOGING SOURCE

  • Original cataloging agency: NUST
  • Transcribing agency: NUST

100 ## - HEADING--PERSONAL NAME

  • Personal name: J.L. Meriam, L.G. Kraige

670 ## - SOURCE DATA FOUND

  • Source citation: Work cat.: (NUST): J.L. Meriam, L.G. Kraige, Engineering Mechanics Dynamics, 2017.
© 2023 Central Library, National University of Sciences and Technology. All Rights Reserved.